Division I Men's College Lacrosse Schools - Statistics

General Stats
  • This quiz has been taken 1,303 times
    1,182 since last reset
  • The average score is 32 of 70
Answer Stats
Conference College % Correct
ACC Duke
89%
ACC North Carolina
86%
Big Ten Maryland
85%
Ivy Harvard
84%
ACC Syracuse
84%
Ivy Yale
83%
Ivy Penn
82%
ACC Virginia
79%
ACC Notre Dame
78%
Big Ten Ohio St.
78%
Ivy Princeton
78%
Ivy Brown
76%
Big Ten Michigan
75%
Ivy Cornell
73%
Big Ten Penn St.
70%
Big Ten Johns Hopkins
67%
Patriot Army
66%
Patriot Navy
66%
Ivy Dartmouth
63%
Big Ten Rutgers
61%
Big East Denver
58%
American East Albany
55%
Patriot Boston
55%
Patriot Loyola
55%
Big East Georgetown
53%
Colonial Massachusetts
53%
SoCon Air Force
51%
American East Vermont
49%
Big East Villanova
49%
Big East Providence
44%
Colonial Delaware
40%
Patriot Lehigh
40%
Big East Marquette
39%
Big East St. John's
39%
Colonial Towson
39%
Patriot Colgate
38%
Patriot Bucknell
35%
SoCon Richmond
35%
American East UMBC
35%
Patriot Holy Cross
34%
SoCon High Point
33%
SoCon Jacksonville
33%
Colonial Drexel
32%
American East Stony Brook
32%
Northeast Bryant
31%
Colonial Hofstra
30%
Patriot Lafayette
30%
Colonial Fairfield
29%
American East Binghamton
28%
Metro Atlantic Marist
28%
Northeast Robert Morris
28%
Northeast St. Joseph's
27%
American East UMass Lowell
26%
Metro Atlantic Manhattan
25%
Independent NJIT
25%
Metro Atlantic Siena
24%
American East Hartford
23%
SoCon Mercer
23%
SoCon VMI
23%
Metro Atlantic Canisius
22%
Metro Atlantic Monmouth
22%
Metro Atlantic Quinnipiac
22%
Northeast Hobart
21%
Northeast Sacred Heart
21%
Metro Atlantic Detroit
19%
SoCon Furman
19%
Northeast Wagner
19%
SoCon Bellarmine
17%
Independent Hampton
17%
Northeast Mount St. Mary's
14%
No matching quizzes found
Score Distribution
Percent of People with Each Score
Percentile by Number Answered
Your Score History
You have not taken this quiz since the last reset